Bramkarze A.C. Milanu w XXI wieku - Statystyki

Ogólne statystyki
  • Ten quiz został rozwiązany 269 razy
    59 od ostatniego zresetowania
  • Średni wynik to 7 z 18
Statystyki odpowiedzi
Lata gry Narodowość Nazwisko % Poprawnych
2000-2010 Brazylia Dida
92%
2015-2021 Włochy Gianluigi Donnarumma
89%
2021- Francja Mike Maignan
89%
2018-2020 Hiszpania Pepe Reina
74%
2020 Bośnia i Hercegowina Asmir Begovic
58%
1998-2016 Włochy Christian Abbiati
53%
2020-2023 Rumunia Ciprian Tătăruşanu
45%
2023- Włochy Marco Sportiello
32%
2014-2016 Hiszpania Diego López
30%
2005-2009 Australia Zeljko Kalac
28%
1990-2002 Włochy Sebastiano Rossi
25%
2012-2018 Brazylia Gabriel
15%
2010-2014 Włochy Marco Amelia
15%
2021-2024 Włochy Antonio Mirante
9%
2007-2010 Włochy Marco Storari
9%
1999-2008 Włochy Valerio Fiori
6%
2009-2012 Włochy Flavio Roma
4%
2022- Włochy Lapo Nava
4%
Nie znaleziono quizów pasujących do podanych kryteriów
Rozkład punktacji
Procent ludzi z każdym wynikiem
Percentyl według liczby udzielonych odpowiedzi
Twoja historia wyników
Nie rozwiązałeś tego quizu od ostatniego zresetowania